Movies Quiz

Random Movies or Book Quiz

Fictional Universes By Quote Quiz Stats

 Plays Quiz Updated Nov 7, 2016

Support Sporcle.
Go Orange.
Score 0/20 Timer 06:00
6 Plays Today
% Correct
Harry Potter
90.4%
The Chronicles of Narnia
86.3%
The Hunger Games
81.2%
The Hunger Games
81%
The Chronicles of Narnia
77.6%
The Lord of the Rings
76.7%
Harry Potter
75.5%
The Chronicles of Narnia
74.3%
The Hunger Games
71.6%
The Chronicles of Narnia
70.8%
% Correct
The Lord of the Rings
67.5%
The Hunger Games
67.3%
Harry Potter
65.7%
The Lord of the Rings
64.6%
Harry Potter
64.3%
The Hunger Games
62%
The Lord of the Rings
58.8%
The Lord of the Rings
58.6%
Harry Potter
39.8%
The Chronicles of Narnia
35.6%

You're not logged in!

Compare scores with friends on all Sporcle quizzes.
OR
Log In

From the Vault

Picture Click Grab Bag: Television

by Quizmaster91

While you're clicking the pictures you can pretend you're clicking a remote.
Remove Ads.
Support Sporcle.
Get the best of Sporcle when you Go Orange. This ad-free experience offers more features, more stats, and more fun while also helping to support Sporcle. Thank you for becoming a member.

Show Comments

Extras

Top Quizzes Today


Score Distribution

Your Account Isn't Verified!

In order to create a playlist on Sporcle, you need to verify the email address you used during registration. Go to your Sporcle Settings to finish the process.

Report this User

Report this user for behavior that violates our Community Guidelines.

Details: